Wybory do Sejmików Województw 2018 - Statystyki

Ogólne statystyki
  • Ten quiz został rozwiązany 4 razy
  • Średni wynik to 12 z 28
Statystyki odpowiedzi
Miejsce Komitet Poparcie (%) Radni % Poprawnych
6 Bezpartyjni Samorządowcy 5,28 % 15
100%
2 Koalicja Obywatelska (PO+.N) 26,97 % 194
100%
16 Mniejszość Niemiecka 0,34 % 5
100%
8 Partia Razem 1,57 % 0
100%
3 Polskie Stronnictwo Ludowe 12,07 % 70
100%
1 Prawo i Sprawiedliwość 34,13 % 254
100%
4 Sojusz Lewicy Demokratycznej Lewica Razem 6,62 % 11
100%
24 Akcja Narodowa 0,04 % 0
50%
27 KWW Agnieszki Jędrzejewskiej 0,01 % 0
50%
5 Kukiz'15 5,63 % 0
50%
10 Partia Zieloni 1,15 % 0
50%
17 Projekt Świętokrzyskie Bogdana Wenty 0,18 % 1
50%
9 Ruch Narodowy 1,26 % 0
50%
15 Ślonzoki Razem 0,37 % 0
50%
11 Wolni i Solidarni 0,78 % 0
50%
7 Wolność w Samorządzie 1,59 % 0
50%
12 z Dutkiewiczem dla Dolnego Śląska 0,60 % 2
50%
20 Inicjatywa Obywatelska Powiatu Tarnogórskiego 0,09 % 0
0%
23 Iskra 0,05 % 0
0%
18 Jedność Narodu - Wspólnota 0,18 % 0
0%
21 Polskie Rodziny Razem 0,09 % 0
0%
14 Śląska Partia Regionalna 0,38 % 0
0%
22 Spoza Sitwy 0,06 % 0
0%
26 Stowarzyszenie Lex Naturalis 0,01 % 0
0%
28 Stronnictwo Pracy <0,01 % 0
0%
13 "Wspólna Małopolska" 0,40 % 0
0%
19 Zjednoczenie Chrześcijańskich Rodzin 0,14 % 0
0%
25 Związek Słowiański 0,02 % 0
0%
Nie znaleziono quizów pasujących do podanych kryteriów
Rozkład punktacji
Procent ludzi z każdym wynikiem
Percentyl według liczby udzielonych odpowiedzi
Twoja historia wyników
Nie rozwiązałeś tego quizu